| 000 | 00985nam a2200313Ia 4500 | ||
|---|---|---|---|
| 003 | OSt | ||
| 005 | 20221007120928.0 | ||
| 006 | a|||||r|||| 00| 0 | ||
| 007 | ta | ||
| 008 | 221006b |||||||| |||| 00| 0 eng d | ||
| 020 | _a9781588297778 | ||
| 024 | _a82733 | ||
| 037 |
_b401, 18/12/2008, Total Books India _cTextbook |
||
| 040 |
_aBDL _cBDL _beng |
||
| 041 |
_2eng _aeng |
||
| 082 | _aG11331:55, P8 Carb | ||
| 100 |
_aMartin C Cristofre Ed. _9710267 |
||
| 245 | 0 | _aEnvironmental genomics | |
| 260 |
_aNew _bJersey Humana Press _c2008 |
||
| 300 |
_axi, 364p. _ccm. |
||
| 490 | _aMethods in molecular biology | ||
| 500 | _a''Includes bibliographical references''.; ''Index 363-364p. | ||
| 650 |
_a DNA Library _9710268 |
||
| 650 |
_a Proteomic analysis _9710269 |
||
| 650 | _a RNA | ||
| 650 | _aBotany | ||
| 942 |
_hG11331:55, P8 Carb _cTB _2CC |
||
| 999 |
_c1208194 _d1208194 |
||